000 00676nam a2200205 i 4500
001 64950
003 ES-MaACL
005 20250930063058.0
007 t|
008 040107s1967 sp ||||1| spa d
100 0 _aFourrey, René,
_cEvêque de Belley
_952002
245 1 3 _aEl auténtico cura de Ars /
_cRené Fourrey ; [traducido por Miguel Ramón Rubio].
260 _aMadrid :
_bZYX,
_c[1967]
300 _a546 p. ;
_c26 cm.
490 1 _aMovimiento sacerdotal. Cura de ars ;
_v8
700 1 _aRubio, Miguel Ramón.
_9100371
830 0 _aMovimiento sacerdotal. Cura de ars ;
_v8
_9182532
852 _aES-MaACL
_jC-33293
_bR.64209
999 _c64950
_d64950